<?xml version="1.0" encoding="UTF-8"?>
<record
    xmlns:xsi="http://www.w3.org/2001/XMLSchema-instance"
    xsi:schemaLocation="http://www.loc.gov/MARC21/slim http://www.loc.gov/standards/marcxml/schema/MARC21slim.xsd"
    xmlns="http://www.loc.gov/MARC21/slim">

  <leader>00911cam a2200229 a 4500</leader>
  <datafield tag="999" ind1=" " ind2=" ">
    <subfield code="c">59559</subfield>
    <subfield code="d">59559</subfield>
  </datafield>
  <controlfield tag="001">14308521</controlfield>
  <controlfield tag="005">20230314164310.0</controlfield>
  <controlfield tag="008">060321s2006    nyu           000 0 eng  </controlfield>
  <datafield tag="020" ind1=" " ind2=" ">
    <subfield code="a">9781932716245x</subfield>
  </datafield>
  <datafield tag="041" ind1=" " ind2=" ">
    <subfield code="a">eng</subfield>
  </datafield>
  <datafield tag="080" ind1=" " ind2=" ">
    <subfield code="a">811.111.1 R-98</subfield>
  </datafield>
  <datafield tag="100" ind1="1" ind2=" ">
    <subfield code="a">Rybold, Gary</subfield>
    <subfield code="9">17209</subfield>
  </datafield>
  <datafield tag="245" ind1="1" ind2="0">
    <subfield code="a">Speaking, listening and understanding :</subfield>
    <subfield code="b">debate for non-native English speakers /</subfield>
    <subfield code="c">Gary Rybold.</subfield>
  </datafield>
  <datafield tag="264" ind1=" " ind2=" ">
    <subfield code="a">New York, NY :</subfield>
    <subfield code="b">International Debate Education Association,</subfield>
    <subfield code="c">2006.</subfield>
  </datafield>
  <datafield tag="300" ind1=" " ind2=" ">
    <subfield code="a">180 p. ;</subfield>
    <subfield code="c">23 cm.</subfield>
  </datafield>
  <datafield tag="653" ind1=" " ind2=" ">
    <subfield code="a">&#x10E1;&#x10D0;&#x10DA;&#x10D0;&#x10DE;&#x10D0;&#x10E0;&#x10D0;&#x10D9;&#x10DD; &#x10D8;&#x10DC;&#x10D2;&#x10DA;&#x10D8;&#x10E1;&#x10E3;&#x10E0;&#x10D8;</subfield>
  </datafield>
  <datafield tag="653" ind1=" " ind2=" ">
    <subfield code="a">&#x10D3;&#x10D4;&#x10D1;&#x10D0;&#x10E2;&#x10D4;&#x10D1;&#x10D8;</subfield>
  </datafield>
  <datafield tag="653" ind1=" " ind2=" ">
    <subfield code="a">&#x10E3;&#x10EA;&#x10EE;&#x10DD;&#x10D4;&#x10DA;&#x10D8; &#x10DB;&#x10DD;&#x10E1;&#x10D0;&#x10E3;&#x10D1;&#x10E0;&#x10D4;&#x10D4;&#x10D1;&#x10D8;</subfield>
  </datafield>
  <datafield tag="653" ind1=" " ind2=" ">
    <subfield code="a">&#x10E1;&#x10EC;&#x10D0;&#x10D5;&#x10DA;&#x10D0; &#x10D3;&#x10D0; &#x10E1;&#x10EC;&#x10D0;&#x10D5;&#x10DA;&#x10D4;&#x10D1;&#x10D0;</subfield>
  </datafield>
  <datafield tag="942" ind1=" " ind2=" ">
    <subfield code="2">udc</subfield>
    <subfield code="c">BK</subfield>
  </datafield>
  <datafield tag="955" ind1=" " ind2=" ">
    <subfield code="a">lg23 2006-03-21</subfield>
    <subfield code="c">lg23 2006-03-21</subfield>
    <subfield code="a">aa15 2006-03-22</subfield>
    <subfield code="a">ps10 2006-11-09 1 copy rec'd., to CIP ver.</subfield>
    <subfield code="a">jf00 2006-11-13;</subfield>
  </datafield>
  <datafield tag="952" ind1=" " ind2=" ">
    <subfield code="0">0</subfield>
    <subfield code="1">0</subfield>
    <subfield code="2">udc</subfield>
    <subfield code="4">0</subfield>
    <subfield code="6">8111111_R98</subfield>
    <subfield code="7">0</subfield>
    <subfield code="9">94034</subfield>
    <subfield code="a">CPL</subfield>
    <subfield code="b">CPL</subfield>
    <subfield code="c">GEN</subfield>
    <subfield code="d">2023-03-14</subfield>
    <subfield code="g">8.00</subfield>
    <subfield code="o">811.111.1 R-98</subfield>
    <subfield code="p">64034</subfield>
    <subfield code="r">2023-03-14</subfield>
    <subfield code="t">64034</subfield>
    <subfield code="w">2023-03-14</subfield>
    <subfield code="y">BK</subfield>
    <subfield code="z">8 &#x10DA;.</subfield>
  </datafield>
</record>
